Statistics for Teams in Bosnian Premier league 2023/24

Click here to take the quiz!

General Stats

  • This quiz has been taken 25 times
  • The average score is 8 of 12

Answer Stats

Answer% Correct
Sarajevo
94%
Velez
94%
Zeljeznicar
94%
Zrinjski
83%
Borac Banja Luka
78%
Sloga
72%
Igman Konjic
61%
GOŠK Gabela
56%
Siroki Brijeg
56%
Tuzla City
56%
Posusje
50%
Zvijezda 09
44%

Score Distribution

Percentile by Number Answered

Percent of People with Each Score

Your Score History

You have not taken this quiz